| 000 | 00546nam a2200181 a 4500 | ||
|---|---|---|---|
| 001 | 000008534 | ||
| 005 | 20240412074207.0 | ||
| 008 | 090917s200u dr c 000 0 spa d | ||
| 040 |
_aDO-SdBNP _bspa _cBNPHU |
||
| 082 |
_aRD867.44 _bL865c |
||
| 100 | 1 |
_aLora, Victor Manuel _922885 |
|
| 245 | 1 | 0 |
_aCasos añejos / _cVictor Manuel Lora. |
| 260 |
_aSantiago de los Caballeros, República Dominicana : _b[s.n.], _c[s.f.]. |
||
| 300 |
_a200 p. : _bretr. ; _c21 cm. |
||
| 650 | 0 |
_aLiteratura dominicana. _967 |
|
| 650 | 4 |
_aHumorismo _97166 |
|
| 049 | _aBNPD | ||
| 999 |
_c8304 _d8304 |
||